| 000 | 00795nam a22002535i 4500 | ||
|---|---|---|---|
| 001 | 18167882 | ||
| 003 | ARRUPE | ||
| 005 | 20150122170242.0 | ||
| 008 | 140529s2013 za b 001 0 eng | ||
| 010 | _a 2013439965 | ||
| 020 | _a9789982030663 | ||
| 040 |
_aDLC _beng _cDLC _erda |
||
| 042 | _apcc | ||
| 100 | 1 |
_aMwanakatwe, J.M. _97092 |
|
| 245 | 1 | 4 |
_aThe growth of education in Zambia since independence / _cJ.M. Mwanakatwe. |
| 250 | _aRevised edition. | ||
| 260 |
_aLusaka: _b University of Zambia Press, _c2013. |
||
| 300 |
_axiv, 376 pages ; _c20 cm |
||
| 504 | _aIncludes bibliographical references (pages 361-364). | ||
| 650 |
_aEducation _xHistory _zZambia _914580 |
||
| 906 |
_a0 _bibc _corigode _d3 _encip _f20 _gy-gencatlg |
||
| 942 |
_2lcc _cMONOGRAPH |
||
| 999 |
_c121541 _d121541 |
||